Проблемы повышения скоростей, массы и безопасности движения поездов на подходах к портам Дальнего Востока (Запись № 1181739)

Подробности
000 -МАРКЕР
контрольное поле 02652nam0a2200469 4500
001 - ИДЕНТИФИКАТОР ЗАПИСИ
контрольное поле RU\NLR\bibl\812040
005 - ИДЕНТИФИКАТОР ВЕРСИИ
контрольное поле 20250614133210.0
010 ## - МЕЖДУНАРОДНЫЙ СТАНДАРТНЫЙ НОМЕР КНИГИ (ISBN)
Номер (ISBN) 5-02-032445-0
Тираж 700
021 ## - НОМЕР ГОСУДАРСТВЕННОЙ РЕГИСТРАЦИИ
Код страны Российская Федерация
Номер 2005-7951
Номер Листа государственной регистраци 412
035 ## - ДРУГИЕ СИСТЕМНЫЕ НОМЕРА
Идентификатор записи RSL-KNO-002572365
035 ## - ДРУГИЕ СИСТЕМНЫЕ НОМЕРА
Идентификатор записи (NLR Aleph) 000801097
100 ## - ДАННЫЕ ОБЩЕЙ ОБРАБОТКИ
Данные общей обработки 20050221d2004 |||y0rusy50 ca
101 0# - ЯЗЫК РЕСУРСА
Язык текста, звукозаписи и т.д. русский
102 ## - СТРАНА ПУБЛИКАЦИИ ИЛИ ПРОИЗВОДСТВА
Страна публикации Российская Федерация
105 ## - ПОЛЕ КОДИРОВАННЫХ ДАННЫХ: ТЕКСТОВЫЕ МАТЕРИАЛЫ, МОНОГРАФИЧЕСКИЕ
Кодированные данные о монографическом текстовом документе a |||||||||
106 ## - ПОЛЕ КОДИРОВАННЫХ ДАННЫХ: ТЕКСТОВЫЕ РЕСУРСЫ – ФОРМА
Форма ресурса: кодированные данные: обозначение носителя r
135 ## - ПОЛЕ КОДИРОВАННЫХ ДАННЫХ: ЭЛЕКТРОННЫЕ РЕСУРСЫ
Кодированные данные для электронного ресурса crmn mmmanaba
200 1# - ЗАГЛАВИЕ И СВЕДЕНИЯ ОБ ОТВЕТСТВЕННОСТИ
Основное заглавие Проблемы повышения скоростей, массы и безопасности движения поездов на подходах к портам Дальнего Востока
Первые сведения об ответственности В.А. Попов, Н.И. Карпущенко, И.А. Котова
210 ## - ПУБЛИКАЦИЯ, РАСПРОСТРАНЕНИЕ И ДР.
Место издания, распространения и т.д. Новосибирск
Имя издателя, распространителя и т. д. Наука
Дата издания, распространения и т.д. 2004
Имя изготовителя СП Наука РАН
215 ## - ФИЗИЧЕСКАЯ ХАРАКТЕРИСТИКА
Специфическое обозначение материала и объем 206, [4] с., [6] л. цв. ил., карт.
Другие сведения о физической характеристике ил.
Размеры 23
300 ## - ОБЩИЕ ПРИМЕЧАНИЯ
Текст примечания На 4-й с. обл. авт.: Попов В.А., Карпущенко Н.И. - д.т.н., проф., засл. деят. науки РФ, Котова И.А. - к.т.н., доц.
320 ## - ПРИМЕЧАНИЯ О НАЛИЧИИ В ДОКУМЕНТЕ БИБЛИОГРАФИИ / УКАЗАТЕЛЯ
Текст примечания Библиогр. в конце кн. (83 назв.)
325 1# - ПРИМЕЧАНИЕ О КОПИИ
Текст примечания Копия доступна в электронной библиотеке РНБ
606 1# - НАИМЕНОВАНИЕ ТЕМЫ КАК ПРЕДМЕТ
Наименование темы Железные дороги
Тематический подзаголовок Движение поездов
-- Скорость
-- Повышение
Системный номер авторитетной/нормативной записи 1152519
Идентификатор авторитетной/нормативной записи RU\NLR\auth\66460114
606 1# - НАИМЕНОВАНИЕ ТЕМЫ КАК ПРЕДМЕТ
Наименование темы Поезда
Тематический подзаголовок Скорость движения
-- Повышение
Системный номер авторитетной/нормативной записи 2387545
Идентификатор авторитетной/нормативной записи RU\NLR\auth\661424062
606 1# - НАИМЕНОВАНИЕ ТЕМЫ КАК ПРЕДМЕТ
Наименование темы Железные дороги
Тематический подзаголовок Безопасность движения
Системный номер авторитетной/нормативной записи 1214058
Идентификатор авторитетной/нормативной записи RU\NLR\auth\66174794
606 1# - НАИМЕНОВАНИЕ ТЕМЫ КАК ПРЕДМЕТ
Наименование темы Железнодорожный транспорт
Тематический подзаголовок Безопасность движения
Системный номер авторитетной/нормативной записи 2119435
Идентификатор авторитетной/нормативной записи RU\NLR\auth\661280004
686 ## - ИНДЕКСЫ ДРУГИХ КЛАССИФИКАЦИЙ
Индекс О22-011.3
686 ## - ИНДЕКСЫ ДРУГИХ КЛАССИФИКАЦИЙ
Индекс О280.203
700 #1 - ИМЯ ЛИЦА - ПЕРВИЧНАЯ ОТВЕТСТВЕННОСТЬ
Код отношения Автор
Начальный элемент ввода Попов
Часть имени, кроме начального элемента ввода В. А.
Дополнения к именам, кроме дат гос. служащий, ж.-д. транспорт
Даты 1956-
Расширение инициалов личного имени Виктор Алексеевич
Системный номер авторитетной/нормативной записи 260458
Идентификатор авторитетной/нормативной записи RU\NLR\AUTH\770260514
701 #1 - ИМЯ ЛИЦА - АЛЬТЕРНАТИВНАЯ ОТВЕТСТВЕННОСТЬ
Начальный элемент ввода Карпущенко
Часть имени, кроме начального элемента ввода Н. И.
Расширение инициалов личного имени Николай Иванович
Код отношения Автор
701 #1 - ИМЯ ЛИЦА - АЛЬТЕРНАТИВНАЯ ОТВЕТСТВЕННОСТЬ
Начальный элемент ввода Котова
Часть имени, кроме начального элемента ввода И. А.
Расширение инициалов личного имени Ирина Александровна
Код отношения Автор
801 #0 - ИСТОЧНИК ЗАПИСИ
Страна Российская Федерация
Организация RuMoRKP
Дата составления 20050221
Правила каталогизации rcr
801 #1 - ИСТОЧНИК ЗАПИСИ
Страна Российская Федерация
Организация RuMoRGB
Дата составления 20050221
801 #2 - ИСТОЧНИК ЗАПИСИ
Страна Российская Федерация
Организация NLR
Дата составления 20050622
Правила каталогизации PSBO
901 ## - ДАННЫЕ ОБ ОБЪЕКТЕ ОЦИФРОВКИ
-- Книжные издания
942 ## - ДОПОЛНИТЕЛЬНЫЕ ЭЛЕМЕНТЫ ЗАПИСИ (АБИС)
Тип экземпляра АБИС Книга
980 ## - КОЛЛЕКЦИЯ
Название коллекции Национальная библиография
981 13 - КОЛЛЕКЦИЯ ЭЛЕКТРОННОЙ БИБЛИОТЕКИ
Название коллекции Документы, защищенные авторским правом
Название подколлекции
Экземпляры
Тип экземпляра Дата поступления Источник поступления Библиотека постоянного хранения Библиотека текущего хранения Место хранения Шифр хранения Штрих-код Статус экземпляра
Книга 22.06.2005 Обязательный экземпляр РНБ (Московский) РНБ (Московский) Русский книжный фонд: издания с 1957 года 2005-5/4602 943212  
Книга 22.06.2005 Обязательный экземпляр РНБ (Московский) РНБ (Московский) Русский книжный фонд: издания с 1957 года 2005-5/4602 943213